000 00935nam a2200325Ia 4500
001 Para_10127
003 CHAP
008 220125s2009 xx 000 0 und d
010 _a208819
020 _a978 - 0 - 321 - 50743 - 3
040 _cCHAP
082 _aPA 574.58 K74 2009
100 _aKrebs, Charles J. E
_9170145
245 _aEcology :
_b the experimental analysis of distribution and abundance
250 _a6
260 _aSan Fransisco Boston :
_b Benjamin Cummings
300 _a655 p.
500 _aEn cada capitulo incluye referencias bibliográficas
650 _aEcología
_935134
650 _aFitogeografía
_941157
650 _aPoblación animal
_9170146
650 _aZoogeografía
_9124148
901 _aPA 574.58 K74 2009
902 _aM
905 _a5232202009 amn 8000000300 06
910 _a2009
942 _cPARA
942 _cPARA
_d1
999 _c208819
_d208819